Food chemicals codex. First supplement to the fourth edition /

Guardado en:
Autor Corporativo: Institute of Medicine (U.S.). Committee on Food Chemicals Codex.
Formato: Libro
Idioma:English
Publicado: Washington, DC : National Academy Press, 1997.
Materias:
Etiquetas: Agregar Etiqueta
Sin Etiquetas, Sea el primero en etiquetar este registro!
LEADER 01196cam a22002895a 4500
001 EIQ.libpla001886
008 971106s1997####dcua##########001#0#eng#d
005 20070227153330.0
245 0 0 |a Food chemicals codex.  |p First supplement to the fourth edition /  |c Committee on Food Chemicals Codex, Food and Nutrition Board, Institute of Medicine, National Academy of Sciences. 
260 |a Washington, DC :  |b National Academy Press,  |c 1997. 
300 |a v, 120 p. :  |b il. ;  |c 28 cm. 
500 |a "Effective December 1, 1997." 
500 |a Incluye índice. 
020 |a 0309063663 
710 2 |a Institute of Medicine (U.S.).  |b Committee on Food Chemicals Codex. 
246 1 8 |a Food chemicals codex, fourth edition, first supplement 
043 |a n-us--- 
082 0 0 |a 664/.06/021873  |2 21 
650 4 |a Aditivos alimenticios  |z Estados Unidos. 
650 4 |a Aditivos alimenticios  |x Estándares. 
650 4 |a Aditivos alimenticios  |x Análisis. 
650 4 |a Food additives  |x Standards 
650 4 |a Food additives  |z United States. 
650 0 |a Food additives  |x Analysis. 
010 |a  97069388  
040 |a DLC  |c DLC  |d AR-BbSID 
859 |a AR-BbSID  |b BIB. PLAPIQUI  |h 664.060 218 73  |i F 739  |k R  |p 5671  |v Supl.  |3 Supl.